书目信息 |
| 题名: |
电路分析基础典型题精解
|
|
| 作者: | 周茜 , 徐亚宁 编著 | |
| 分册: | ||
| 出版信息: | 北京 电子工业出版社 2005.8 |
|
| 页数: | 306页 | |
| 开本: | 26cm | |
| 丛书名: | ||
| 单 册: | ||
| 中图分类: | TM133-44 | |
| 科图分类: | ||
| 主题词: | 电路分析--dian lu fen xi--研究生--入学考试--解题--升学参考资料 | |
| 电子资源: | ||
| ISBN: | 7-121-01650-8 | |
| 000 | 00885nam0 2200253 45 | |
| 001 | 012005000000 | |
| 005 | 20051207095437.62 | |
| 010 | @a7-121-01650-8@dCNY25.00 | |
| 100 | @a20051010d2005 em y0chiy0121 ea | |
| 101 | 0 | @achi |
| 102 | @aCN@b110000 | |
| 105 | @ay q 000yy | |
| 200 | 1 | @a电路分析基础典型题精解@Adian lu fen xi ji chu dian xing ti jing jie@f周茜,徐亚宁编著 |
| 210 | @a北京@c电子工业出版社@d2005.8 | |
| 215 | @a306页@d26cm | |
| 300 | @a高等学习复习·考研辅导教材 | |
| 320 | @a有书目(第306页) | |
| 330 | @a本书参阅了国内外出版的电路、电路分析最新教材而编写的考研复习指导书,全书由部分习题解答、考研冲刺两部分组成。 | |
| 606 | 0 | @a电路分析@Adian lu fen xi@x研究生@x入学考试@j解题@j升学参考资料 |
| 690 | @aTM133-44@v4 | |
| 701 | 0 | @a周茜@Azhou qian@4编著 |
| 701 | 0 | @a徐亚宁@Axu ya ning@4编著 |
| 801 | 0 | @aCN@bSRXX@c20051207 |
| 905 | @a10447@dTM133-44@eZ785 | |
| 电路分析基础典型题精解/周茜,徐亚宁编著.-北京:电子工业出版社,2005.8 |
| 306页;26cm |
| 高等学习复习·考研辅导教材 |
| ISBN 7-121-01650-8:CNY25.00 |
| 本书参阅了国内外出版的电路、电路分析最新教材而编写的考研复习指导书,全书由部分习题解答、考研冲刺两部分组成。 |
| ● |
| 相关链接 |
|
|
|
正题名:电路分析基础典型题精解
索取号:TM133-44/Z785
 
预约/预借
| 序号 | 登录号 | 条形码 | 馆藏地/架位号 | 状态 | 备注 |
| 1 | 546816 | 205468162 | 自科二线404/301自科库 7排1列1层/ [索取号:TM133-44/Z785] | 在馆 | |
| 2 | 546817 | 205468171 | 自科库301/301自科库 9排4列1层/ [索取号:TM133-44/Z785] | 在馆 | |
| 3 | 546818 | 205468180 | 自科库301/301自科库 9排4列1层/ [索取号:TM133-44/Z785] | 在馆 |